Devil's daughter

Bibliographic Details
Main Author: Coulter, Catherine
Format: Book
Published: Surrey : Severn House Publishers , 1990

MARC

LEADER 00000cam a2200000 7i4500
001 0000000607
002 000000698
005 20000330.0
020 |a 0727840274 
090 0 0 |a F   |b COU 
100 0 |a Coulter, Catherine 
245 1 0 |a Devil's daughter   |c Catherine Coulter 
260 |a Surrey :   |b Severn House Publishers ,   |c 1990 
300 |a 508 p. ;   |c 22 cm. 
999 |a 030489   |b BUKU   |c FICTION   |e PERPUSTAKAAN KOMUNITI PETALING JAYA